LEADER 01836nam a2200301 a 4500 001 000000023810 003 CaOOAMICUS 005 20100517123737.0 008 950504s1545 fr u000 u lat u 026 $antn- o-e-$bium, naxi (3)$c1545 (A) 035 $a10599938 040 $aPUL(R)$bita$dMTB 100 1 $aRebuffi, Pierre,$d1487-1557.$0(OLS)http://pul/name/20014 245 10$aTractatus de pacificis possessoribus :$bhoc in regno ac toto in orbe non minus frequens quam utilis, /$cab eodem authore D. Rebuffo editus. Et nuper arestis supremae Curiae, et Rotae decretis confirmatus, recognitusque et auctus. 260 $a[Parisiis :$bapud Galeotum Pratensem,$c1545] 300 $a[2], 74, [4] p. ;$c4° (25 cm.) 500 $aSegnature: aa-kk4. 500 $aTesto in colonne. 662 $aFrancia$dParigi.$0(OLS)http://pul/subject/35022 787 1 $aRebuffi, Pierre, 1487-1557.$tTractatus nominationum.$d[Parisiis : apud Galeotum Pratensem, 1545]$w()23811 787 1 $aSanta Sede. Trattati, ecc.$tConcordata inter sanctissimum dominum nostrum papam Leonem decimum et sedem apostolicam, ac christianissimum dominum nostrum regem Franciscum huius nominis primu[m] et regnum aedita.$b4. aeditio.$dParisiis : apud Galeotum Pratenses, 1545.$w()80804 850 $aPUL 852 $aPUL$W1$xDP1 Antico 500$y12$m148 E 12 int.3$j33373$nBK-PRI$qStampati Antico$B33373$CPULBib$Z2$F33373 $82 941 1 $a8 941 1 $a15 961 $aRilegato con "Concordata inter sanctissimum dominum nostrum papam Leonem decimum..." e "Tractatus nominationum..."Sottolineature all'interno del testo. 996 $6245$aTractatus de pacificis possessoribus :$bhoc in regno ac toto in orbe non minus frequens quam utilis,$9(OLS)http://pul/title/33074 996 $6260$a[Parisiis :$bapud Galeotum Pratensem$9(OLS)http://pul/publisher/81310 LEADER 01906nam a2200361 a 4500 001 000000139487 003 CaOOAMICUS 005 20140725125133.0 008 140725s2011 it u000 u ita r 020 $a88-14-15725-1 040 $aPUL$bita 041 1 $aita$afre 082 04$a340.09 100 1 $aCondorcet, Jean-Antoine-Nicolas de Caritat,$cmarquis de,$d1743-1794.$0(OLS)http://pul/name/19442 240 10$aDéclaration des droits.$lItaliano.$0(OLS)http://pul/title/176587 245 10$aDichiarare i diritti, costituire i poteri :$bun inedito sulla dichiarazione dei diritti dell'uomo /$cCondorcet ; a cura di Gabriele Magrin ; edizione del manoscritto a cura di Mercurio Candela. 260 $aMilano :$bA. Giuffrè,$c2011. 300 $a187 p. ;$c23 cm 490 1 $aPer la storia del pensiero giuridico moderno. Biblioteca ;$v92 504 $aBibliografia in nota. 546 $aInclude testo francese del Manoscritto di Condorcet conservato a Parigi presso la Biblioteca dell'Institut de France (M.s. 859.3). 650 4$aDichiarazione Universale dei Diritti Umani.$0(OLS)http://pul/subject/35808 700 1 $aMagrin, Gabriele,$d1968-$0(OLS)http://pul/name/89928 700 1 $aCandela, Mercurio.$0(OLS)http://pul/name/89929 830 0$aPer la storia del pensiero giuridico moderno ;$v92.$0(OLS)http://pul/title/10657 850 $aPUL 852 $aPUL$W1$xSL Diritto e Scienze Sociali 3$y79$m340. 09 COLL 1.92$j161125$qDDC 21$B160570$CPULBib$Z2$F160570 $H124551 $82 941 1 $a9 996 $6020$a88-14-15725-1 $9(OLS)http://pul/number/155886 996 $6082$a340.09$9(OLS)http://pul/classification/1829 996 $6245$aDichiarare i diritti, costituire i poteri :$bun inedito sulla dichiarazione dei diritti dell'uomo$9(OLS)http://pul/title/176586 996 $6260$aMilano :$bA. Giuffrè$9(OLS)http://pul/publisher/48096